000 00958nam a22002897a 4500
003 CHAP
005 20220329140333.0
008 971013s1968 r 00010 d
010 _a50615
011 _a51587
035 _a55737
040 _cCHAP
082 _a634.909861
_bV55
100 0 0 _aVillegas V., Alberto.
_9119783
245 _aEstudio general de los bosques del Departamento de Antioquia
260 _aBogotá :
_bInstituto Geográfico "Agustín Codazzi". Departamento Agrológico,
_c1968
300 _a102 p.
_b; mapa
490 _aVol. 3
_v; No. 4
590 _aBATCH-UPD
_b10
_c20130110
_lUCH01
_h0453
590 _aCONVERSION
_b10
_c20130109
_lUCH01
_h1327
650 1 4 _aBosques
_xColombia.
_914113
830 0 _aVol. 3
_v; No. 4
_9120633
901 _aBK
942 _cLIBRO
949 _a634.909861 V55
_bBC
_cLIBRO
_d-122142
_eLIBRO
_h12560
_i55737
_mD
_si
949 _a634.909861 V55
_bBC
_cLIBRO
_d33724000232674
_eLIBRO
_fc.2
_h12561
_i55737
_mD
_sb
999 _c50615
_d50615